Mäde In Germany Quiz Stats

 Plays Quiz Updated Mar 28, 2012

Also try: The Germany Quiz
Challenge
Share
Tweet
Embed
Score 0/20 Timer 07:00
3 Plays Today
Description Company % Correct
The world’s third largest motor vehicle manufacturer (2009), the name means 'people's car' in German.Volkswagen Group
89.7%
Automobile, motorcycle and engine manufacturing company founded in 1916. It also owns and produces the MINI brand, and is the parent company of Rolls-Royce Motor Cars.Bayerische Motoren Werke AG
73.6%
The thirteenth-largest car manufacturer and second-largest truck manufacturer in the world. It also manufactures buses and owns Mercedes-Benz.Daimler AG
69.3%
The largest sportswear manufacturer in Europe and the second biggest sportswear manufacturer in the world, after its U.S. rival Nike.Adidas AG
63%
A chemical and pharmaceutical company founded in Barmen, Germany in 1863. It is well-known for its original brand of aspirin.Bayer AG
60.3%
This automobile manufacturer's name is based on the surname of the founder August Horch, meaning 'listen' — translated into Latin.Audi AG
52.1%
Largest airline in Europe in terms of overall passengers carried. The name of the company is derived from 'Hanseatic League' and the German word for 'air'.Deutsche Lufthansa AG
50.6%
Literally, 'German Bank', this bank employs more than 80,000 people in 72 countries.Deutsche Bank AG
50.5%
Automotive manufacturer of luxury high performance automobiles, which is majority-owned by two families.Porsche Automobil Holding SE
36.1%
The largest telecommunications company in Europe, with over 260,000 employees globally.Deutsche Telekom AG
26.3%
Description Company % Correct
The largest engineering conglomerate in Europe, this company and its subsidiaries employ approximately 420,800 people in nearly 190 countries.Siemens AG
21%
Completing the purchase of DHL in 2002, this is the world's largest logistics group with 470,000 employees, and is the successor to the German mail authority.Deutsche Post AG
16.3%
The largest enterprise software company in the world. It is also the largest software company in Europe and the fourth largest globally.SAP AG
15.6%
The second largest international insurance and financial services organization in the world, headquartered in Munich, Germany.Allianz SE
14.8%
The largest chemical company in the world. At the end of 2009, the company employed more than 104,000 people, with over 48,500 in Germany alone.BASF SE
13.6%
A fashion and lifestyle house based in Metzingen that specializes in high-end men's and women's wear. It is named after its founder.Hugo Boss AG
13.3%
This bank's name is derived from 'Kreditanstalt für Wiederaufbau'. In 2008, they transferred €300 million to Lehman Brothers Holdings on the same day they filed for bankruptcy.KfW
11.1%
The world's largest supplier of automobile components, and has business relationships with virtually every automobile company in the world.Robert Bosch GmbH
10.7%
One of the major public utility companies in Europe and the world's largest investor-owned energy service provider.E.ON AG
9%
Transportation company comprising a cargo container shipping line and a cruise line. It was formed in 1970 as a merger of two 19th century companies.Hapag-Lloyd
4.8%

You're not logged in!

Compare scores with friends on all Sporcle quizzes.
Join for Free
OR
Log In

You Might Also Like...

Show Comments

Extras

Top Quizzes Today


Score Distribution

Your Account Isn't Verified!

In order to create a playlist on Sporcle, you need to verify the email address you used during registration. Go to your Sporcle Settings to finish the process.

Report this User

Report this user for behavior that violates our Community Guidelines.

Details: